Research and reports in biochemistry

Detalles Bibliográficos
Formato: Electrónico Seriadas
Lenguaje:inglés
Publicado: [Auckland, N.Z.] : Dovepress, [2011]-
Materias:
Acceso en línea:Full text available from Research Library: 01/01/2011 to 01/31/2016

MARC

LEADER 00000nas a2200000 i 4500
001 ssj0000602869
003 WaSeSS
005 20200512172242.0
006 m d
007 cr n
008 110210c20119999nz an s 0 a0eng c
010 |a  2014237266 
016 7 |a 101658382  |2 DNLM 
022 |a 2230-3154  |l 2230-3154 
035 |a (WaSeSS)ssj0000602869 
040 |a NZ1  |b eng  |e pn  |c NZ1  |d CUS  |d OCLCF  |d CUS  |d TJC  |d OCLCO  |d TJC  |d CUS  |d OCL  |d NLM  |d OCLCO  |d OCLCQ  |d OCLCO  |d OCLCA  |d U3W  |d WaSeSS 
042 |a pcc 
050 4 |a QP501 
060 0 0 |a W1 
082 0 4 |a 572.05  |2 22 
210 1 0 |a Res Rep Biochem  |2 dnlm 
210 1 |a Res. rep. biochem. 
222 0 |a Research and reports in biochemistry 
245 0 0 |a Research and reports in biochemistry  |h [electronic resource]. 
246 1 |i Title in HTML header:  |a Journal of research and reports in biochemistry 
246 1 |a Research and reports in biochemistry journal 
260 |a [Auckland, N.Z.] :  |b Dovepress,  |c [2011]- 
310 |a Annual 
362 1 |a Began with Volume 2011:1. 
500 |a Archived by the National Library of New Zealand. 
500 |a Hypertext links contained in the archived instances of this title are non-functional.  |5 Nz 
506 |a License restrictions may limit access. 
515 |a Articles added irregularly during the year and collected into annual issues. 
588 |a Description based on: Volume 2011:1; title from journal home page (viewed on May 23, 2011). 
588 |a Latest issue consulted: Volume 2015:5 (viewed Nov. 13, 2015). 
650 0 |a Biochemistry  |v Periodicals. 
650 1 2 |a Biochemical Phenomena. 
650 7 |a Biochemistry.  |2 fast  |0 (OCoLC)fst00831961 
655 0 |a Electronic journals. 
856 4 0 |z Full text available from Research Library: 01/01/2011 to 01/31/2016  |u https://search.proquest.com/publication/3933292